東京ヤクルトスワローズの全選手(2024) - Statistics

General Stats
  • This quiz has been taken 141 times
  • The average score is 35 of 77
Answer Stats
背番号 選手名 % Correct
1 山田哲人
96%
55 村上宗隆
94%
13 オスナ
91%
7 長岡秀樹
90%
25 サンタナ
90%
9 塩見泰隆
88%
27 中村悠平
79%
29 小川泰弘
78%
19 石川雅規
75%
18 奥川恭伸
74%
23 青木宣親
74%
12 石山泰稚
73%
34 田口麗斗
71%
5 川端慎吾
71%
68 丸山翔太
68%
4 丸山和郁
68%
21 吉村貢司郎
65%
47 高橋奎二
65%
17 清水昇
61%
3 西川遥輝
61%
99 ヤフーレ
60%
0 並木秀尊
60%
54 サイスニード
59%
33 内山壮真
58%
57 古賀優大
58%
44 大西広樹
55%
00 赤羽由紘
55%
31 山崎晃太朗
55%
10 宮本丈
54%
60 武岡龍世
53%
28 松本健吾
50%
32 松本直樹
50%
51 濱田太貴
50%
20 木澤尚文
49%
38 北村拓己
49%
50 北村恵吾
49%
40 高梨祐稔
48%
43 山本大貴
46%
24 星知弥
45%
64 岩田幸宏
45%
16 原樹理
44%
46 太田健吾
43%
67 伊藤琉偉
43%
65 鈴木叶
41%
15 山下輝
40%
42 澤井廉
40%
30 西田明央
39%
14 西舘昂汰
38%
45 小澤怜史
38%
37 ロドリゲス
34%
69 今野龍太
29%
36 西村瑠伊斗
29%
53 長谷川宙輝
28%
41 柴田大地
25%
56 坂本拓己
25%
59 小森航太郎
25%
48 金久保優斗
24%
63 増田珠
24%
26 山野太一
23%
35 石原勇輝
23%
58 阪口皓亮
21%
90 中川拓真
21%
012 近藤弘樹
20%
39 エスパーダ
19%
61 宮川哲
19%
93 橋本星哉
19%
49 嘉弥真新也
18%
019 下慎之介
18%
62 竹山日向
15%
013 嘉手苅浩太
15%
66 三ツ俣大樹
14%
015 沼田翔平
13%
025 フェリペ
13%
52 尾仲祐哉
10%
016 西濱勇星
9%
017 翔聖
9%
026 髙野颯太
9%
No matching quizzes found
Score Distribution
Percent of People with Each Score
Percentile by Number Answered
Your Score History
You have not taken this quiz